00805nam a22002297a 4500003000500000005001700005008004100022010001000063011001000073035001000083040000900093100003900102245015800141260004000299300002900339502007100368650002700439650001800466650002700484650002800511700003600539CHAP20220329135714.0971013s1995 r 00010 d a40845 a41817 a45943 cCHAP00aNúñez Arias, Ileana Margarita. aAgroecología del haba, Vicia faba L. con énfasis en frailecillo, Macrodactylus sp. (Scarabaeidae : Melolonthinae) en Cocotitlán, Estado de México aChapingo, Méx. :bEl autor,c1995 a76 h.b: ilus. ; gráfs aTesis (Ing. en Agroecología) -- UACH. Programa de Agroecología14aEcología agrícola.14aHabaxPlagas.14aHabazMéxico (Edo.).14aMacrodactylus nigripes.0 aBallesteros Sandoval, Valdemar.